Statistics for Australian Rugby - World Cup Winning Sides

Click here to take the quiz!

General Stats

  • This quiz has been taken 107 times
  • The average score is 19 of 28

Answer Stats

Answer % Correct
John Eales
98%
David Campese
94%
Michael Lynagh
93%
George Gregan
92%
Tim Horan
91%
Jason Little
89%
Matt Burke
88%
Nick Farr-Jones
87%
Phil Kearns
85%
Stephen Larkham
83%
Ewen McKenzie
75%
Tony Daly
69%
Toutai Kefu
69%
Joe Roff
69%
Ben Tune
64%
Dan Herbert
63%
Marty Roebuck
62%
David Wilson
56%
Viliami Ofahengaue
55%
Simon Poidevin
53%
Rob Egerton
52%
Michael Foley
52%
Matt Cockbain
46%
Andrew Blades
45%
Rod McCall
44%
David Giffin
40%
Richard Harry
39%
Troy Coker
37%

Score Distribution

Percentile by Number Answered

Percent of People with Each Score

Your Score History

You have not taken this quiz